Neverbálna komunikácia
Neverbálna komunikácia je zložitá kombinácia rôznych foriem chovania, ktoré vytvárajú zdroj informácií použitých inými ľuďmi, aby pochopili zmysel správ, ktoré sú prezentované. Neverbálne správanie je často významným zdrojom informácií v rámci osobnej komunikácie. Typy neverbálnej komunikácie.
Salvato in:
| Autore principale: | |
|---|---|
| Natura: | Capitolo di libro |
| Lingua: | slovacco |
| Soggetti: | |
| Tags: |
Nessun Tag, puoi essere il primo ad aggiungerne!!
|
MARC
| LEADER | 00000nla a2200000 4500 | ||
|---|---|---|---|
| 001 | 0227376 | ||
| 005 | 20240502073740.0 | ||
| 041 | 0 | |a slo | |
| 044 | |a SK | ||
| 245 | 1 | 0 | |a Neverbálna komunikácia |c Ľubica Kurdelová |
| 520 | |a Neverbálna komunikácia je zložitá kombinácia rôznych foriem chovania, ktoré vytvárajú zdroj informácií použitých inými ľuďmi, aby pochopili zmysel správ, ktoré sú prezentované. Neverbálne správanie je často významným zdrojom informácií v rámci osobnej komunikácie. Typy neverbálnej komunikácie. | ||
| 610 | 2 | 0 | |a komunikácia neverbálna |
| 610 | 2 | 0 | |a informácie |
| 610 | 2 | 0 | |a správanie |
| 610 | 2 | 0 | |a symboly |
| 610 | 2 | 0 | |a emócie |
| 100 | 1 | |a Kurdelová, Ľubica | |